Χρηματιστήριο : δυνατότητες και όρια

Αποθηκεύτηκε σε:
Λεπτομέρειες βιβλιογραφικής εγγραφής
Συγγραφή απο Οργανισμό/Αρχή: Πρακτικά ημερίδας "Χρηματιστήριο: δυνατότητες και όρια" Αθήνα
Μορφή: Πρακτικό Συνεδρίου Βιβλίο
Γλώσσα:Greek
Δημοσίευση: Αθήνα : Κέντρο Έρευνας και Τεκμηρίωσης ; Ιδεοκίνηση, 1997.
Θέματα:
Ετικέτες: Προσθήκη ετικέτας
Δεν υπάρχουν, Καταχωρήστε ετικέτα πρώτοι!

MARC

LEADER 00000cam a2200000 a 4500
001 1/125277
008 220901t1997####gr | | ||| |||| ||gre||
020 |a 9607652053   |q (χαρτόδετο)  
040 |a GR-MyUa  |b gre  |c GR-MyUa  |e AACR2 
041 0 |a gre 
082 7 |a 332.642495   |2 (23)  
111 2 |a Πρακτικά ημερίδας "Χρηματιστήριο: δυνατότητες και όρια"   |d (1997 :   |c Αθήνα) 
245 1 0 |a Χρηματιστήριο :   |b δυνατότητες και όρια /   |c Κέντρο Έρευνας και Τεκμηρίωσης.  
260 |a Αθήνα :   |b Κέντρο Έρευνας και Τεκμηρίωσης ;   |b  Ιδεοκίνηση,   |c 1997.  
300 |a 76 σ. ;   |c 20 εκ.  
500 |a Τα πρακτικά μιας ανοικτής εκδήλωσης που διοργάνωσε το Κέντρο Έρευνας και Τεκμηρίωσης στις 08/04/2297 στο ξενοδοχείο Εσπέρια ; Χαιρετισμός: Νίκος Κωνσταντόπουλος, ομιλητές: Γιάννης Δραγασάκης...[και ά.], συντονιστής: Κώστας Καλλίτσης.  
650 0 |a Stock exchanges  |z Greece. 
852 |a INST  |b CHIOS  |e 20220901  |h 332.642495 ΠΡΑ  |p 005200040612  |q 005200040612  |t BK  |y 0 
970 |a Σπέντζα  |b Ελένη  |z 01-09-2022